| 000 | 00668nam a22002297a 4500 | ||
|---|---|---|---|
| 001 | 8811 | ||
| 003 | FISKH | ||
| 005 | 20251021154048.0 | ||
| 008 | 251021b cb ||||| |||| 00| 0 eng d | ||
| 020 | _a9789996347481 | ||
| 040 |
_aFISKH _beng _cFISKH _dFISKH |
||
| 082 | _a423.1 | ||
| 100 | _aAnonymous | ||
| 245 |
_aពាក្យអង់គ្លេសដំបូងបំផុតរបស់ខ្ញុំ : _bFood / |
||
| 260 |
_aPnhom Penh : _bMindbook, |
||
| 300 |
_a14 unnumbered pages : _bcolor illustrations ; _c21 cm |
||
| 505 | _aNP | ||
| 520 | _aLearning English words about food. | ||
| 650 | _aFood | ||
| 942 |
_2ddc _cBK _n0 |
||
| 999 |
_c8811 _d8811 |
||